000 00613nam a22001937a 4500
003 KOHA_MİRAKIL
005 20251128151258.0
008 251128b tu ||||| |||| 00| 0 tur d
020 _a9789758805129
040 _aTR-AnABB
_btur
_cTR-AnABB
041 _atur
082 _a342.561023
_bBAK 2011
100 1 _aBakırcı, Fahri,
245 1 0 _aTürkiye Büyük Millet Meclisinin yapı ve işleyişi ile ilgili Anayasa /
_cFahri Bakırcı
260 _aAnkara :
_bTürkiye Büyük Millet Meclisi,
_c2011
300 _a1116 sayfa ;
_c21 cm
650 0 4 _aAnayasa Mahkemesi Kararları
942 _2ddc
_cBK
999 _c9668
_d9668
900 _bGizem YORULMAZ